000 01052cab a2200253 4500
001 ABS53974
008 090401t1995 xxu||||| |||| 00| 0 eng d
035 _a(Sirsi) u7724
041 _aeng
245 4 _aThe pitfalls of a council guarantee
260 _c1995
350 _a0
490 _aEstates Times
_v(1301) 3 November 1995, 6(1)
520 _aConsiders the pitfalls a local authority can encounter when they guarantee the loan to a company carrying out local authority projects, with analysis of "Credit Suisse v Allerdale BC", "Credit Suisse v Waltham Forest LBC" and "City Centre Leisure (Holdings) Ltd v Lord Mayor and Citizens of Westminster".
650 _aCITY CENTRE LEISURE (HOLDINGS) LTD V LORD MAYOR AND CITIZENS OF THE CI
650 _aCREDIT SUISSE V ALLERDALE BC
650 _aCREDIT SUISSE V WALTHAM FOREST LBC
650 _aGUARANTEES
650 _aLOCAL AUTHORITIES (COMPANIES) ORDER 1995
650 _aLOCAL AUTHORITIES
690 _aPROPERTY-PROPERTY FINANCE AND INVESTMENT
942 _n0
948 _c04/03/1997
999 _c4700
_d4700